| 000 | 00764nam a2200205Ii 4500 | ||
|---|---|---|---|
| 003 | JO-AjNU | ||
| 008 | 230605s9999||||xx |||||||||||||| ||und|| | ||
| 040 |
_aJO-AjNU _bara _erda _cJO-AjNU |
||
| 041 | _aara | ||
| 050 | 1 | 4 | _aH62.L3.1976 |
| 100 | 3 |
_aأحمد حسين اللقاني, _eauthor _940519 |
|
| 245 | 0 | 0 | _aتحليل التفاعل اللفظي في تدريس المواد الاجتماعية |
| 264 | 3 | 1 | _aالقاهرة:عالم الكتب،1976 |
| 300 | _a96ص | ||
| 336 |
_atext _btxt _2rdacontent |
||
| 337 |
_aunmediated _bn _2rdamedia |
||
| 338 |
_avolume _bnc _2rdacarrier |
||
| 490 | 0 | _aبحوث في تدريس المواد الاجتماعية 1 | |
| 650 | 4 |
_aعلوم اجتماعية-اساليب تدريس-تعلم وتعليم _940520 |
|
| 999 |
_aA17202 _c20770 _d20770 |
||